Library Logo

Pioneer International University Library Catalogue

Computers and computer languages / (Record no. 5933)

MARC details
000 -LEADER
fixed length control field 00570pam a2200181 a 4500
005 - DATE AND TIME OF LATEST TRANSACTION
control field 20250901165549.0
008 - FIXED-LENGTH DATA ELEMENTS--GENERAL INFORMATION
fixed length control field 860904s1988 nyua 001 0 eng
010 ## - LIBRARY OF CONGRESS CONTROL NUMBER
LC control number 86021070
020 ## - INTERNATIONAL STANDARD BOOK NUMBER
International Standard Book Number 0070575231
050 00 - LIBRARY OF CONGRESS CALL NUMBER
Classification number QA76.5 .S5524 1988
Item number .S5524 1988
082 00 - DEWEY DECIMAL CLASSIFICATION NUMBER
Classification number 004
Edition information 19
100 1# - MAIN ENTRY--PERSONAL NAME
Personal name Silverman, Gordon.
245 10 - TITLE STATEMENT
Title Computers and computer languages /
Statement of responsibility, etc. Gordon Silverman, David Turkiew.
260 ## - PUBLICATION, DISTRIBUTION, ETC.
Place of publication, distribution, etc. New York :
Name of publisher, distributor, etc. McGraw-Hill,
Date of publication, distribution, etc. c1988.
300 ## - PHYSICAL DESCRIPTION
Extent x, 580 p. :
Other physical details ill. ;
Dimensions 25 cm.
500 ## - GENERAL NOTE
General note Includes index.
942 ## - ADDED ENTRY ELEMENTS (KOHA)
Source of classification or shelving scheme Library of Congress Classification
Classification part QA76.5 .S5524 1988
Holdings
Withdrawn status Lost status Source of classification or shelving scheme Damaged status Not for loan Home library Current library Shelving location Date acquired Total checkouts Full call number Barcode Date last seen Price effective from Koha item type
    Library of Congress Classification     Main Library Main Library   10/21/2021   QA76.5 .S5524 1988 PIU0000021 10/21/2021 10/21/2021 Books